Datum a čas kvízu
26
Celkem bodů
Celkový počet nahraných bodů na tomto kvízu bez doplňovacích otázek.
5.
Pořadí na kvízu
Konečné umístění týmu na tomto kvízu.
Zaznamenané odpovědi
| # | Otázka | Odpověď | Body | Výsledky |
|---|---|---|---|---|
| 1. | První československý kosmonaut... | 0 | ||
| 2. | Anglická motoristická žurnalis... | 0 | ||
| 3. | Patrně nejsympatičtější "oškli... | 0 | ||
| 4. | Evropská unie vydala ve středu... | 1 | ||
| 5. | Minulý týden se začala prodáva... | 0 | ||
| 6. | Vzpomeňme v tomto tématu na zř... | 1 | ||
| 7. | Vyberte pravdivé tvrzení o For... | 1 | ||
| 8. | Ze kterého Formanova filmu je... | 1 | ||
| 9. | Jakou větu pronesl v Přeletu n... | 0 | ||
| 10. | V roce 1979 natočil Miloš Form... | 0 |